[Event "Titled Tuesday intern op 3rd Jan"]
[Site "Chess.com INT"]
[Date "2019.12.03"]
[Round "5"]
[White "Pranesh, M."]
[Black "Savanovic, Vuk"]
[Result "1-0"]
[WhiteElo "2317"]
[BlackElo "2303"]
[PlyCount "51"]
[EventDate "2019.12.03"]
[EventType "swiss (blitz)"]
[EventRounds "10"]
[EventCountry "USA"]
[SourceTitle "EXT 2021"]
[Source "ChessBase"]
[SourceDate "2020.10.23"]
[SourceVersion "1"]
[SourceVersionDate "2020.10.23"]
[SourceQuality "1"]

1. e4 d6 2. d4 Nf6 3. Nc3 e5 4. dxe5 dxe5 5. Qxd8+ Kxd8 6. Bc4 Ke8 7. Nf3 Bd6 8. Bg5 Nbd7 9. 0-0-0 a6 10. Bxf6 Nxf6 11. h3 Ke7 12. g4 h6 13. g5 hxg5 14. Nxg5 Rf8 15. f4 Be6 16. Nxe6 fxe6 17. f5 exf5 18. exf5 Rh8 19. Rdg1 Rh7 20. Rg6 Rah8 21. Nd5+ Nxd5 22. Bxd5 c6 23. Bg2 Rf8 24. Re6+ Kd7 25. Rd1 Kc7 26. Rexd6 1-0

[Event "Titled Tuesday intern op 3rd Jan"]
[Site "Chess.com INT"]
[Date "2019.12.03"]
[Round "2"]
[White "Savanovic, Vuk"]
[Black "Oparin, Grigoriy"]
[Result "0-1"]
[WhiteElo "2303"]
[BlackElo "2650"]
[PlyCount "112"]
[EventDate "2019.12.03"]
[EventType "swiss (blitz)"]
[EventRounds "10"]
[EventCountry "USA"]
[SourceTitle "EXT 2021"]
[Source "ChessBase"]
[SourceDate "2020.10.23"]
[SourceVersion "1"]
[SourceVersionDate "2020.10.23"]
[SourceQuality "1"]

1. d4 Nf6 2. Nf3 e6 3. Bf4 c5 4. e3 d5 5. Nbd2 Bd6 6. Bg3 0-0 7. c3 Qc7 8. dxc5 Bxg3 9. hxg3 Qxc5 10. Bd3 Nc6 11. Qa4 h6 12. Qf4 Re8 13. Rxh6 gxh6 14. Qxh6 Qf8 15. Qxf6 Qg7 16. Qh4 e5 17. Bc2 e4 18. Nd4 Nxd4 19. cxd4 Be6 20. 0-0-0 Rac8 21. Kb1 Qg4 22. Rh1 Qxh4 23. gxh4 Kg7 24. Bd1 f5 25. g3 Rc7 26. Bb3 Rec8 27. Rd1 a5 28. a3 b5 29. f3 Bf7 30. fxe4 fxe4 31. g4 Rh8 32. Rh1 a4 33. Bd1 Be8 34. Nf1 Rf7 35. Ng3 Bd7 36. Nh5+ Kf8 37. Nf4 Ke8 38. g5 Rf5 39. Bg4 Rxg5 40. Bxd7+ Kxd7 41. Rc1 Rf5 42. h5 Rxf4 43. exf4 Rxh5 44. Rc5 Ke6 45. Rxb5 Rh2 46. f5+ Kxf5 47. Rxd5+ Kf4 48. Kc1 e3 49. Re5 Rd2 50. Rh5 Ke4 51. Rh4+ Kd3 52. d5 Rc2+ 53. Kb1 e2 54. Rh1 Kd2 55. d6 Rc6 56. d7 Rd6 0-1

[Event "Titled Tuesday intern op 3rd Sept"]
[Site "Chess.com INT"]
[Date "2019.09.03"]
[Round "6"]
[White "Djukic, Nikola"]
[Black "Savanovic, Vuk"]
[Result "1-0"]
[WhiteElo "2518"]
[BlackElo "2250"]
[PlyCount "49"]
[EventDate "2019.09.03"]
[EventType "swiss (blitz)"]
[EventRounds "10"]
[EventCountry "USA"]
[SourceTitle "EXT 2021"]
[Source "ChessBase"]
[SourceDate "2020.10.23"]
[SourceVersion "1"]
[SourceVersionDate "2020.10.23"]
[SourceQuality "1"]

1. g3 e5 2. Bg2 Nc6 3. d3 Bc5 4. a3 a6 5. b4 Ba7 6. e3 d6 7. c4 h5 8. h3 Be6 9. Nc3 Qd7 10. Nge2 Nd8 11. Qb3 f5 12. d4 h4 13. Bb2 Nf6 14. 0-0-0 e4 15. d5 Bg8 16. g4 Bh7 17. Nf4 fxg4 18. hxg4 Qxg4 19. Rdg1 Qd7 20. Bh3 Qe7 21. Nce2 0-0 22. Be6+ Nxe6 23. Nxe6 Rf7 24. Rxh4 Nxd5 25. Ng5 1-0

[Event "Titled Tuesday intern op 3rd Sept"]
[Site "Chess.com INT"]
[Date "2019.09.03"]
[Round "4"]
[White "Savanovic, Vuk"]
[Black "Terry, Renato"]
[Result "1-0"]
[WhiteElo "2250"]
[BlackElo "2514"]
[PlyCount "141"]
[EventDate "2019.09.03"]
[EventType "swiss (blitz)"]
[EventRounds "10"]
[EventCountry "USA"]
[SourceTitle "EXT 2021"]
[Source "ChessBase"]
[SourceDate "2020.10.23"]
[SourceVersion "1"]
[SourceVersionDate "2020.10.23"]
[SourceQuality "1"]

1. d4 Nf6 2. Nf3 e6 3. Bf4 b6 4. e3 Bb7 5. c4 Bb4+ 6. Nfd2 0-0 7. a3 Bd6 8. Bg3 Bxg3 9. hxg3 d6 10. Bd3 g6 11. Nc3 e5 12. d5 Nbd7 13. g4 Kg7 14. g5 Ng8 15. Nde4 f5 16. gxf6+ Ndxf6 17. Ng5 Bc8 18. Nxh7 Bg4 19. Ng5 Bxd1 20. Ne6+ Kf7 21. Nxd8+ Raxd8 22. Rxd1 Kg7 23. f3 Nh6 24. Rh3 Nf7 25. Rg3 g5 26. Rh3 Rh8 27. Rxh8 Rxh8 28. Kf2 a6 29. Bf5 Rh4 30. b3 Rh8 31. Ne2 g4 32. f4 Rh5 33. Ng3 Rh8 34. Rh1 exf4 35. exf4 Re8 36. Nh5+ Nxh5 37. Rxh5 g3+ 38. Kf3 Re1 39. Rh3 Rf1+ 40. Kxg3 b5 41. Be6 Nh8 42. f5 Nf7 43. Bxf7 Kxf7 44. Rh7+ Kf6 45. Rxc7 Rxf5 46. Rc6 Ke5 47. Rxa6 bxc4 48. bxc4 Rf1 49. a4 Rc1 50. Rc6 Ra1 51. Kg4 Rxa4 52. Kg5 Ra8 53. g4 Rg8+ 54. Kh5 Rh8+ 55. Kg6 Rg8+ 56. Kh5 Rh8+ 57. Kg5 Rg8+ 58. Kh4 Kf4 59. Kh3 Rh8+ 60. Kg2 Rd8 61. Kf2 Kxg4 62. Ke3 Kf5 63. Kd4 Rd7 64. c5 dxc5+ 65. Kxc5 Ra7 66. Re6 Ra1 67. Re2 Ra5+ 68. Kc6 Ra6+ 69. Kc7 Ra7+ 70. Kb6 Re7 71. Rxe7 1-0

[Event "Titled Tuesday intern op 2nd Febr"]
[Site "Chess.com INT"]
[Date "2019.02.05"]
[Round "1"]
[White "Andriasian, Zaven"]
[Black "Savanovic, Vuk"]
[Result "1-0"]
[WhiteElo "2600"]
[BlackElo "2302"]
[PlyCount "141"]
[EventDate "2019.02.05"]
[EventType "swiss (blitz)"]
[EventRounds "10"]
[EventCountry "USA"]
[SourceTitle "EXT 2021"]
[Source "ChessBase"]
[SourceDate "2020.10.23"]
[SourceVersion "1"]
[SourceVersionDate "2020.10.23"]
[SourceQuality "1"]

1. e4 c5 2. Nf3 Nc6 3. Bb5 g6 4. Bxc6 dxc6 5. d3 Bg7 6. h3 Nf6 7. Nc3 Nd7 8. Be3 b6 9. Qd2 h6 10. 0-0 e5 11. Nh2 Nf8 12. f4 exf4 13. Bxf4 Ne6 14. Be3 Qh4 15. Nf3 Qh5 16. Ne2 c4 17. d4 Qb5 18. a4 Qa6 19. Nf4 Ng5 20. Nxg5 hxg5 21. Ne2 g4 22. hxg4 Bxg4 23. c3 Qb7 24. Bg5 0-0 25. Bf6 Rae8 26. e5 Qd7 27. Ng3 c5 28. Bxg7 Kxg7 29. Rf4 cxd4 30. cxd4 f6 31. exf6+ Rxf6 32. Rxf6 Kxf6 33. Rf1+ Kg7 34. Qf4 Qe6 35. Rf2 Qe1+ 36. Nf1 Bf5 37. g4 Re4 38. Qc7+ Re7 39. Qb8 Re4 40. gxf5 Rg4+ 41. Rg2 Rxg2+ 42. Kxg2 Qe4+ 43. Kh2 Qe2+ 44. Kg1 Qg4+ 45. Qg3 Qxd4+ 46. Qf2 Qg4+ 47. Kh2 gxf5 48. Ne3 Qh5+ 49. Kg2 Qg5+ 50. Kf1 f4 51. Nxc4 Qd5 52. Qxf4 Qd3+ 53. Kf2 Qc2+ 54. Ke3 Qc1+ 55. Kf3 Qd1+ 56. Kf2 Qc2+ 57. Ke1 Qxa4 58. Qe5+ Kg6 59. Ne3 Qb4+ 60. Ke2 Kh7 61. Qc3 Qb5+ 62. Qd3+ Qxd3+ 63. Kxd3 Kg6 64. Kc4 Kf6 65. Kd5 Kg5 66. Nc4 Kf4 67. b4 b5 68. Nd6 a6 69. Kc5 Ke3 70. Nxb5 axb5 71. Kxb5 1-0

[Event "Titled Tuesday intern op 2nd Febr"]
[Site "Chess.com INT"]
[Date "2019.02.05"]
[Round "3"]
[White "Guimaraes, Wagner Peixoto"]
[Black "Savanovic, Vuk"]
[Result "1-0"]
[WhiteElo "2195"]
[BlackElo "2302"]
[PlyCount "73"]
[EventDate "2019.02.05"]
[EventType "swiss (blitz)"]
[EventRounds "10"]
[EventCountry "USA"]
[SourceTitle "EXT 2021"]
[Source "ChessBase"]
[SourceDate "2020.10.23"]
[SourceVersion "1"]
[SourceVersionDate "2020.10.23"]
[SourceQuality "1"]

1. e4 c5 2. Nf3 Nc6 3. d4 cxd4 4. Nxd4 g6 5. Nc3 Bg7 6. Nb3 Nf6 7. Be2 0-0 8. 0-0 d6 9. Re1 a5 10. a4 Nb4 11. Bf3 Be6 12. Bg5 Qc8 13. Nd4 Bc4 14. Qd2 Re8 15. b3 Ba6 16. Rac1 Nc6 17. Nxc6 bxc6 18. e5 dxe5 19. Rxe5 Nd5 20. Nxd5 Bxe5 21. Nxe7+ Rxe7 22. Bxe7 Qc7 23. Bg5 Bxh2+ 24. Kh1 Be5 25. Re1 Bb7 26. Qe3 f6 27. Qc5 Bd6 28. Qc4+ Kg7 29. Bd2 Rd8 30. Bc3 Be5 31. Rxe5 fxe5 32. Qe6 Qf7 33. Qxe5+ Kf8 34. Qxa5 Re8 35. Qc5+ Qe7 36. Qd4 Qe1+ 37. Bxe1 1-0

[Event "Novi Sad-Turkey"]
[Site "Novi Sad"]
[Date "2018.11.22"]
[Round "8"]
[White "Savanovic, Vuk"]
[Black "Sahin, Ozgun"]
[Result "1/2-1/2"]
[WhiteElo "2272"]
[BlackElo "2208"]
[PlyCount "82"]
[EventDate "2018.11.17"]
[EventType "schev"]
[EventRounds "10"]
[EventCountry "SRB"]
[SourceTitle "CBM 187 Extra"]
[Source "ChessBase"]
[SourceDate "2018.11.04"]
[SourceVersion "1"]
[SourceVersionDate "2018.11.04"]
[SourceQuality "1"]

1. e4 g6 2. d4 Bg7 3. Nc3 d6 4. f4 Nd7 5. Nf3 e6 6. Bd3 Ne7 7. h4 h5 8. f5 exf5 9. exf5 Nf6 10. fxg6 fxg6 11. Bg5 0-0 12. Qd2 Bg4 13. 0-0-0 Nf5 14. Nd5 c6 15. Nf4 Qe8 16. Rhe1 Qf7 17. Ne6 Rfe8 18. Nxg7 Kxg7 19. Kb1 a5 20. c4 Bxf3 21. gxf3 Nxd4 22. Qc3 c5 23. Rg1 Ng8 24. Bc1 Re6 25. Be4 Kh7 26. Rg5 Ne7 27. Rxh5+ Kg8 28. Rg5 Rf8 29. h5 Nxf3 30. hxg6 Qg7 31. Qxg7+ Kxg7 32. Rg4 Ne5 33. Rh4 N5xg6 34. Bh6+ Kg8 35. Bxf8 Nxh4 36. Bxe7 Rxe4 37. Bxh4 Rxh4 38. Rxd6 Rxc4 39. Rd8+ Kf7 40. Rd7+ Ke6 41. Rxb7 a4 1/2-1/2

[Event "Novi Sad-Turkey"]
[Site "Novi Sad"]
[Date "2018.11.18"]
[Round "3"]
[White "Sahin, Ozgun"]
[Black "Savanovic, Vuk"]
[Result "1/2-1/2"]
[WhiteElo "2208"]
[BlackElo "2272"]
[PlyCount "85"]
[EventDate "2018.11.17"]
[EventType "schev"]
[EventRounds "10"]
[EventCountry "SRB"]
[SourceTitle "CBM 187 Extra"]
[Source "ChessBase"]
[SourceDate "2018.11.04"]
[SourceVersion "1"]
[SourceVersionDate "2018.11.04"]
[SourceQuality "1"]

1. e4 c5 2. Nc3 Nc6 3. g3 g6 4. Bg2 Bg7 5. Nge2 e6 6. d3 Nge7 7. Be3 Nd4 8. 0-0 0-0 9. Qd2 Nec6 10. Nd1 d6 11. Nc1 e5 12. c3 Ne6 13. f4 exf4 14. gxf4 f5 15. Ne2 Ne7 16. c4 Nc6 17. Ndc3 Ned4 18. Ng3 fxe4 19. dxe4 Be6 20. Nd5 Qd7 21. Rf2 Rf7 22. Raf1 Raf8 23. Kh1 Ne7 24. b3 Nxd5 25. cxd5 Bg4 26. b4 b6 27. bxc5 bxc5 28. e5 dxe5 29. Ne4 Bh3 30. Bxh3 Qxh3 31. Ng5 Qd7 32. Nxf7 Qxd5+ 33. Kg1 Rxf7 34. fxe5 Rxf2 35. Qxf2 Qxe5 36. Bxd4 cxd4 37. Re1 Qg5+ 38. Qg2 Qd8 39. Qc6 Bf8 40. Qe6+ Kh8 41. Qe5+ Kg8 42. Qe6+ Kg7 43. Qe5+ 1/2-1/2

[Event "Vojvodina-chT 2nd League"]
[Site "Novi Sad"]
[Date "2018.11.16"]
[Round "11.2"]
[White "Bulajic, Ratko"]
[Black "Savanovic, Vuk"]
[Result "1/2-1/2"]
[WhiteElo "2316"]
[BlackElo "2272"]
[PlyCount "20"]
[EventDate "2018.11.09"]
[EventType "team-tourn"]
[EventRounds "11"]
[EventCountry "SRB"]
[SourceTitle "CBM 187 Extra"]
[Source "ChessBase"]
[SourceDate "2018.11.04"]
[SourceVersion "1"]
[SourceVersionDate "2018.11.04"]
[SourceQuality "1"]
[WhiteTeam "Sombor"]
[BlackTeam "Novi Sad Vojvodina"]
[WhiteTeamCountry "SRB"]
[BlackTeamCountry "SRB"]

1. d4 Nf6 2. c4 g6 3. Nf3 Bg7 4. Nc3 0-0 5. e4 d6 6. Be2 e5 7. h3 exd4 8. Nxd4 Re8 9. Bf3 Nc6 10. Nxc6 bxc6 1/2-1/2

[Event "Vojvodina op 9th"]
[Site "Novi Sad"]
[Date "2018.07.22"]
[Round "1"]
[White "Savanovic, Vuk"]
[Black "Djokic, Mihailo"]
[Result "1-0"]
[WhiteElo "2294"]
[BlackElo "2064"]
[PlyCount "67"]
[EventDate "2018.07.22"]
[EventType "swiss"]
[EventRounds "9"]
[EventCountry "YUG"]
[SourceTitle "CBM 185 Extra"]
[Source "ChessBase"]
[SourceDate "2018.07.29"]
[SourceVersion "1"]
[SourceVersionDate "2018.07.29"]
[SourceQuality "1"]

1. e4 c5 2. Nf3 d6 3. d4 cxd4 4. Nxd4 Nf6 5. Nc3 g6 6. Be3 Bg7 7. f3 0-0 8. Bc4 Nc6 9. Qd2 Bd7 10. 0-0-0 Rc8 11. Bb3 Na5 12. h4 h5 13. Kb1 Nxb3 14. axb3 a6 15. Nde2 b5 16. Nf4 Bc6 17. Qf2 b4 18. Ncd5 Bxd5 19. Nxd5 Nxd5 20. Rxd5 e6 21. Rd3 Rc6 22. g4 Qa5 23. Bd4 Rfc8 24. Rd2 Bxd4 25. Qxd4 Qc5 26. Qf6 hxg4 27. h5 Qe5 28. Qxe5 dxe5 29. hxg6 f5 30. fxg4 fxg4 31. Rg1 Kg7 32. Rd7+ Kxg6 33. Rxg4+ Kf6 34. Rdg7 1-0

[Event "Paracin Summer op-A 11th"]
[Site "Paracin"]
[Date "2018.07.10"]
[Round "6"]
[White "Savanovic, Vuk"]
[Black "Tomic, Aleksandar1111"]
[Result "1/2-1/2"]
[WhiteElo "2294"]
[BlackElo "2347"]
[PlyCount "68"]
[EventDate "2018.07.06"]
[EventType "swiss"]
[EventRounds "9"]
[EventCountry "SRB"]
[SourceTitle "CBM 185 Extra"]
[Source "ChessBase"]
[SourceDate "2018.07.29"]
[SourceVersion "1"]
[SourceVersionDate "2018.07.29"]
[SourceQuality "1"]

1. e4 c5 2. Nf3 e6 3. d4 cxd4 4. Nxd4 a6 5. Nc3 Qc7 6. Be3 Nf6 7. a3 b5 8. Bd3 Bb7 9. 0-0 d6 10. Qf3 Nbd7 11. Qg3 h5 12. f3 Rc8 13. Rad1 d5 14. Qxc7 Rxc7 15. exd5 Nxd5 16. Nxd5 Bxd5 17. a4 e5 18. Ne2 bxa4 19. Nc3 Bc4 20. Nxa4 Bxd3 21. Rxd3 Rxc2 22. Rfd1 Rc7 23. Nb6 Nxb6 24. Rd8+ Ke7 25. Bxb6 Rc6 26. Ba5 Kf6 27. Kf1 g6 28. Bc3 Kf5 29. R1d7 f6 30. Rf7 Bg7 31. Rxh8 Bxh8 32. Rh7 Rc8 33. Ra7 Rc6 34. Rh7 Rc8 1/2-1/2

[Event "Paracin Summer op-A 11th"]
[Site "Paracin"]
[Date "2018.07.10"]
[Round "5"]
[White "Yilmazyerli, Mert"]
[Black "Savanovic, Vuk"]
[Result "1/2-1/2"]
[WhiteElo "2491"]
[BlackElo "2294"]
[PlyCount "120"]
[EventDate "2018.07.06"]
[EventType "swiss"]
[EventRounds "9"]
[EventCountry "SRB"]
[SourceTitle "CBM 185 Extra"]
[Source "ChessBase"]
[SourceDate "2018.07.29"]
[SourceVersion "1"]
[SourceVersionDate "2018.07.29"]
[SourceQuality "1"]

1. e4 c5 2. b3 Nc6 3. Bb2 Nf6 4. e5 Nd5 5. Nf3 e6 6. g3 Be7 7. Bg2 0-0 8. 0-0 f6 9. Nc3 Nxc3 10. Bxc3 d5 11. exd6 Qxd6 12. d3 e5 13. Nd2 Be6 14. f4 exf4 15. Rxf4 f5 16. Nc4 Qd7 17. Rf1 Bf6 18. Bxf6 Rxf6 19. Qd2 Bxc4 20. bxc4 Raf8 21. Kh1 Ne5 22. Qe3 Qd6 23. Bxb7 Ng6 24. Rae1 Kh8 25. c3 f4 26. gxf4 Nxf4 27. Be4 g5 28. Rg1 Rg8 29. d4 cxd4 30. Qxd4 Qf8 31. Qxa7 Qh6 32. Qd4 g4 33. Bd5 Nxd5 34. cxd5 g3 35. Rg2 gxh2 36. Rxh2 Qg6 37. Qe5 Qg7 38. Qe4 Rg6 39. Qd4 Qxd4 40. cxd4 Rg4 41. Rh5 Rxd4 42. Re2 Rd8 43. Ree5 Ra8 44. Re2 Rd8 45. Re7 R8xd5 46. Rhxh7+ Kg8 47. Rhg7+ Kf8 48. Rgf7+ Kg8 49. Rf2 Rg4 50. Ree2 Rh5+ 51. Rh2 Rxh2+ 52. Kxh2 Kf7 53. Kh3 Rg6 54. a4 Re6 55. Ra2 Ke7 56. Kg4 Kd7 57. Kf5 Ra6 58. Ke5 Ra5+ 59. Kd4 Kc6 60. Kc4 Rh5 1/2-1/2

[Event "Vojvodina-chT"]
[Site "Novi Sad"]
[Date "2017.11.18"]
[Round "7.4"]
[White "Krstic, Petar"]
[Black "Savanovic, Vuk"]
[Result "1-0"]
[WhiteElo "2324"]
[BlackElo "2290"]
[PlyCount "76"]
[EventDate "2017.11.13"]
[EventType "team-tourn"]
[EventRounds "11"]
[EventCountry "SRB"]
[SourceTitle "CBM 181 Extra"]
[Source "ChessBase"]
[SourceDate "2017.12.12"]
[SourceVersion "1"]
[SourceVersionDate "2017.12.12"]
[SourceQuality "1"]
[WhiteTeam "Subotica Spartak"]
[BlackTeam "Novi Sad Vojvodina"]
[WhiteTeamCountry "SRB"]
[BlackTeamCountry "SRB"]

1. d4 Nf6 2. Bg5 c5 3. d5 Qb6 4. Nc3 h6 5. Bc1 d6 6. e4 e5 7. Bb5+ Nbd7 8. Nf3 a6 9. Be2 Be7 10. 0-0 Nf8 11. Nd2 Qd8 12. a4 Ng6 13. Nc4 0-0 14. a5 Nh7 15. Nb6 Rb8 16. Nxc8 Rxc8 17. Bg4 Rc7 18. g3 Bg5 19. f4 exf4 20. gxf4 Bf6 21. Ne2 Nh4 22. c3 g6 23. Ng3 Re8 24. Qc2 Bg7 25. Bh3 Nf6 26. Bd2 h5 27. Kh1 Nh7 28. Rae1 Qe7 29. c4 Qf8 30. e5 dxe5 31. fxe5 Rxe5 32. Bf4 Rxe1 33. Rxe1 Re7 34. Rd1 Be5 35. Qf2 Bd4 36. Rxd4 cxd4 37. d6 Re3 38. d7 f5 1-0

[Event "Vojvodina-chT"]
[Site "Novi Sad"]
[Date "2017.11.16"]
[Round "5.5"]
[White "Savanovic, Vuk"]
[Black "Vranic, Ljubomir"]
[Result "1-0"]
[WhiteElo "2290"]
[BlackElo "2172"]
[PlyCount "69"]
[EventDate "2017.11.13"]
[EventType "team-tourn"]
[EventRounds "11"]
[EventCountry "SRB"]
[SourceTitle "CBM 181 Extra"]
[Source "ChessBase"]
[SourceDate "2017.12.12"]
[SourceVersion "1"]
[SourceVersionDate "2017.12.12"]
[SourceQuality "1"]
[WhiteTeam "Novi Sad Vojvodina"]
[BlackTeam "Senta"]
[WhiteTeamCountry "SRB"]
[BlackTeamCountry "SRB"]

1. e4 d6 2. d4 Nf6 3. Nc3 g6 4. Nf3 Bg7 5. Be3 0-0 6. Qd2 e5 7. dxe5 dxe5 8. Qxd8 Rxd8 9. Bc4 Ne8 10. Nd5 Nc6 11. Bb5 Bd7 12. Bxc6 bxc6 13. Nc3 Nd6 14. Nd2 Nb5 15. Na4 Nd4 16. 0-0-0 Be6 17. c3 Nb5 18. Nb3 f6 19. Nac5 Bf7 20. Na5 Be8 21. Ne6 Rdc8 22. a4 Nd6 23. Nxc7 Rxc7 24. Rxd6 c5 25. Rhd1 Bxa4 26. Rd8+ Rxd8 27. Rxd8+ Kf7 28. b3 Bb5 29. c4 Be8 30. Rb8 Bf8 31. Rb7 Rxb7 32. Nxb7 f5 33. Bxc5 Bh6+ 34. Kc2 a6 35. Nd6+ 1-0

[Event "Vojvodina-chT"]
[Site "Novi Sad"]
[Date "2017.11.14"]
[Round "2.5"]
[White "Kecskemeti, Arpad"]
[Black "Savanovic, Vuk"]
[Result "1/2-1/2"]
[WhiteElo "2216"]
[BlackElo "2290"]
[PlyCount "56"]
[EventDate "2017.11.13"]
[EventType "team-tourn"]
[EventRounds "11"]
[EventCountry "SRB"]
[SourceTitle "CBM 181 Extra"]
[Source "ChessBase"]
[SourceDate "2017.12.12"]
[SourceVersion "1"]
[SourceVersionDate "2017.12.12"]
[SourceQuality "1"]
[WhiteTeam "Pacir Backa"]
[BlackTeam "Novi Sad Vojvodina"]
[WhiteTeamCountry "SRB"]
[BlackTeamCountry "SRB"]

1. e4 c5 2. Nf3 Nc6 3. d4 cxd4 4. Nxd4 g6 5. c4 Bg7 6. Be3 Nf6 7. Nc3 0-0 8. Be2 d6 9. 0-0 Bd7 10. Qd2 Nxd4 11. Bxd4 Bc6 12. f3 a5 13. b3 Nd7 14. Be3 Nc5 15. Rab1 e6 16. Rfd1 Be5 17. Qe1 Qf6 18. Rdc1 Rfd8 19. Nd1 Nxe4 20. fxe4 Bxe4 21. Qf2 Bxb1 22. Qxf6 Bxf6 23. Rxb1 d5 24. cxd5 exd5 25. Bd3 a4 26. b4 Rac8 27. Bc5 a3 28. Bb5 Be5 1/2-1/2

[Event "Vojvodina-chT"]
[Site "Novi Sad"]
[Date "2015.11.11"]
[Round "2.3"]
[White "Radlovacki, Jovan"]
[Black "Savanovic, Vuk"]
[Result "1-0"]
[WhiteElo "2381"]
[BlackElo "2279"]
[PlyCount "67"]
[EventDate "2015.11.10"]
[EventType "team-tourn"]
[EventRounds "9"]
[EventCountry "SRB"]
[SourceTitle "CBM 169 Extra"]
[Source "ChessBase"]
[SourceDate "2015.12.18"]
[SourceVersion "1"]
[SourceVersionDate "2015.12.18"]
[SourceQuality "1"]
[WhiteTeam "Novi Banovci Omladinac"]
[BlackTeam "Novi Sad Vojvodina"]
[WhiteTeamCountry "SRB"]
[BlackTeamCountry "SRB"]

1. e4 c5 2. Nf3 Nc6 3. Bb5 g6 4. Bxc6 dxc6 5. d3 Bg7 6. h3 e5 7. Be3 b6 8. Qd2 h6 9. a3 a5 10. Qc3 Qc7 11. Nbd2 Be6 12. Nc4 Bxc4 13. Qxc4 Ne7 14. h4 Nc8 15. Qc3 0-0 16. 0-0 Nd6 17. Rfe1 Kh7 18. Qb3 a4 19. Qa2 f5 20. h5 gxh5 21. exf5 Rxf5 22. Nh4 Rf6 23. c3 Raf8 24. Qb1 Kg8 25. Qd1 Qf7 26. Rf1 e4 27. dxe4 Nxe4 28. f4 Qb3 29. Qf3 Re8 30. Rae1 Qxb2 31. Bc1 Qb1 32. f5 Qc2 33. Re2 Qxc3 34. Qxc3 1-0